005090000a22001810004500003001100000005001700011008004100028020001500069040003900084041000800123082001500131100002300146245005000169260003600219300002500255650001800280650002900298LK-CoMWRAF20230930154418.0230817t ||||| |||| 00| 0 eng d a0764801813 aLK-CoMWRAFdLK-CoMWRAFeLK-CoMWRAF aeng a226.9bWEE aWeeramantry, C. G. aThe Lord's prayer :bBridge to a better world aU.S.A :bLiguori/Triumph,c1998 axii, 289 p. ; 24 cm. aLord's prayer aChristianity and justice